000 00339nam a22001577a 4500
003 SGT
020 _a9789384961220
082 _a340.59,QUR
100 _aQURESHI,M.A.
245 _aMUSLIM LAW
250 _a5TH
260 _aALLAHABAD
_bCENTRAL LAW PUBLICATIONS
_c2015
300 _a755
650 _aMUSLIM LAW
942 _2ddc
_cBK
_05
999 _c10457
_d10457